Tăng trưởng xanh cho mọi người Con đường hướng tới phát triển bền vững
Đã lưu trong:
| Tác giả của công ty: | |
|---|---|
| Định dạng: | Sách |
| Ngôn ngữ: | Vietnamese |
| Được phát hành: |
H.
Hồng đức
2012
Washington, D.C World Bank, |
| Những chủ đề: | |
| Các nhãn: |
Thêm thẻ
Không có thẻ, Là người đầu tiên thẻ bản ghi này!
|
| Thư viện lưu trữ: | Trung tâm Học liệu Lê Vũ Hùng, Trường Đại học Đồng Tháp |
|---|
| LEADER | 00828aam a22002418a 4500 | ||
|---|---|---|---|
| 001 | 00029666 | ||
| 005 | 20171026081025.0 | ||
| 008 | 121012s2012 ||||||viesd | ||
| 020 | # | # | |a 9780821395516 |
| 041 | 0 | # | |a vie |
| 082 | |b T116TR |a 338.9 | ||
| 110 | 1 | # | |a Ngân hàng thế giới |
| 245 | 1 | 0 | |a Tăng trưởng xanh cho mọi người |b Con đường hướng tới phát triển bền vững |
| 260 | # | # | |a H. |b Hồng đức |
| 260 | # | # | |a Washington, D.C |b World Bank, |c 2012 |
| 300 | # | # | |a xvi, 189 p |c 27 cm. |b ill. |
| 653 | # | # | |a Con người |
| 653 | # | # | |a Kinh tế |
| 653 | # | # | |a Phát triển bền vững |
| 852 | # | # | |b Kho đọc |j KD.0014096 |
| 852 | # | # | |j KD.0014096 |
| 910 | |d 12/10/2012 | ||
| 980 | # | # | |a Trung tâm Học liệu Lê Vũ Hùng, Trường Đại học Đồng Tháp |


